00354nam a2200133 a 450000500170000000800410001702000180005805000230007610000180009924500370011726000320015430000090018644000250019520140412111258.0091205s19uu xx 00 eng d a0-545-00390-3 aTR(PS EbWe37 2007 aParker, David aWe can all play /cDavid Parker. aU.S.A :bScholastic,c2007. aunp. aThe Best me I can be